|
|
|
|
| LEADER |
00000caa a22000002c 4500 |
| 001 |
1912718995 |
| 003 |
DE-627 |
| 005 |
20250125055404.0 |
| 007 |
cr uuu---uuuuu |
| 008 |
241217s2003 xx |||||o 00| ||eng c |
| 024 |
7 |
|
|a 10.1177/1532673X03031004005
|2 doi
|
| 035 |
|
|
|a (DE-627)1912718995
|
| 035 |
|
|
|a (DE-599)KXP1912718995
|
| 040 |
|
|
|a DE-627
|b ger
|c DE-627
|e rda
|
| 041 |
|
|
|a eng
|
| 084 |
|
|
|a 2,1
|2 ssgn
|
| 100 |
1 |
|
|a Johnson, Timothy R.
|e VerfasserIn
|4 aut
|
| 245 |
1 |
4 |
|a The Supreme Court, the solicitor general, and the separation of powers
|
| 264 |
|
1 |
|c 2003
|
| 336 |
|
|
|a Text
|b txt
|2 rdacontent
|
| 337 |
|
|
|a Computermedien
|b c
|2 rdamedia
|
| 338 |
|
|
|a Online-Ressource
|b cr
|2 rdacarrier
|
| 773 |
0 |
8 |
|i Enthalten in
|t American politics quarterly
|d London : SAGE Publ., 1973
|g 31(2003), 4, Seite 426-451
|h Online-Ressource
|w (DE-627)31806796X
|w (DE-600)2016689-8
|w (DE-576)121488780
|x 2376-3728
|7 nnas
|
| 773 |
1 |
8 |
|g volume:31
|g year:2003
|g number:4
|g pages:426-451
|
| 787 |
0 |
8 |
|i Forschungsdaten
|a Gibson, James L.
|t United States Supreme Court Judicial Database, Phase II: 1953-1993
|d [Erscheinungsort nicht ermittelbar] : [Verlag nicht ermittelbar], 1997
|w (DE-627)1840060921
|
| 856 |
4 |
0 |
|u https://doi.org/10.1177/1532673X03031004005
|x Resolving-System
|z lizenzpflichtig
|3 Volltext
|7 1
|
| 935 |
|
|
|a mkri
|
| 951 |
|
|
|a AR
|
| ELC |
|
|
|a 1
|
| LOK |
|
|
|0 000 xxxxxcx a22 zn 4500
|
| LOK |
|
|
|0 001 4637684552
|
| LOK |
|
|
|0 003 DE-627
|
| LOK |
|
|
|0 004 1912718995
|
| LOK |
|
|
|0 005 20241217045037
|
| LOK |
|
|
|0 008 241217||||||||||||||||ger|||||||
|
| LOK |
|
|
|0 035
|a (DE-2619)ICPSR139345
|
| LOK |
|
|
|0 040
|a DE-2619
|c DE-627
|d DE-2619
|
| LOK |
|
|
|0 092
|o n
|
| LOK |
|
|
|0 852
|a DE-2619
|
| LOK |
|
|
|0 852 1
|9 00
|
| LOK |
|
|
|0 935
|a nacp
|
| LOK |
|
|
|0 939
|a 17-12-24
|b l01
|
| ORI |
|
|
|a SA-MARC-krimdoka001.raw
|